| 000 -LEADER |
| fixed length control field |
00692nam a22001577a 4500 |
| 003 - CONTROL NUMBER IDENTIFIER |
| control field |
OSt |
| 005 - DATE AND TIME OF LATEST TRANSACTION |
| control field |
20150916161102.0 |
| 008 - FIXED-LENGTH DATA ELEMENTS--GENERAL INFORMATION |
| fixed length control field |
150916b xxu||||| |||| 00| 0 eng d |
| 040 ## - CATALOGING SOURCE |
| Transcribing agency |
RUA |
| 082 ## - DEWEY DECIMAL CLASSIFICATION NUMBER |
| Classification number |
AGR RAT 2004 B029 Or.1 |
| 100 ## - MAIN ENTRY--PERSONAL NAME |
| 9 (RLIN) |
611 |
| Personal name |
RATH PHEARUTH |
| 245 ## - TITLE STATEMENT |
| Title |
Effect of different transplanting space on the growth and yield of rice variety sen pidao,(ឥទ្ធិពលនៃការស្ទូងដែលមានចន្លោះគុម្ពខុសៗគ្នាទៅលើការលូតលាស់ និងទិន្នផលស្រូវសែនពិដោរ) |
| 260 ## - PUBLICATION, DISTRIBUTION, ETC. (IMPRINT) |
| Place of publication, distribution, etc. |
phnom penh |
| Name of publisher, distributor, etc. |
RUA |
| Date of publication, distribution, etc. |
2004 |
| 300 ## - PHYSICAL DESCRIPTION |
| Extent |
xiii,55p. |
| Dimensions |
ill. |
| Size of unit |
29cm. |
| 942 ## - ADDED ENTRY ELEMENTS (KOHA) |
| Source of classification or shelving scheme |
|
| Koha item type |
AGR |